Le fonti di produzione del diritto romano

Saved in:
Bibliographic Details
Main Authors: Palazzolo, Nicola (autore), Arcaria, Francesco (Author), Licandro, Orazio (Author), Maggio, Lucio (Author), Sciuto, Patrizia (Author)
Format: Book
Language:Italian
Latin
Published: Catania Torre 2002
Subjects:
Tags: Add Tag
No Tags, Be the first to tag this record!

MARC

LEADER 00000nam a2200000 a 4500
001 UCK3300
003 CL-VaPUC
008 050422e20020000IT |||||||||||||||||ita|d
020 |a 8871320409 
041 0 7 |a ita  |2 CL-VaPUC 
041 0 7 |a lat  |2 CL-VaPUC 
082 0 4 |a 340.54  |b PAL  |2 21 
100 |a Palazzolo, Nicola  |e autore  |9 546294 
700 0 |a Arcaria, Francesco  |e author  |9 491396 
700 0 |a Licandro, Orazio  |e author  |9 491397 
700 0 |a Maggio, Lucio  |e author  |9 491398 
700 0 |a Sciuto, Patrizia  |e author  |9 491399 
245 1 3 |a Le fonti di produzione del diritto romano 
300 |a 183 p 
942 |c BK 
945 |d 20050422 00:00:00  |a cmena 
260 |a Catania  |b Torre  |c 2002 
650 0 |a Derecho romano  |9 255930 
650 0 |a Fuentes del derecho   |9 255162 
650 0 |a Historia del derecho  |9 255109 
583 |a last modification  |c 20050422 00:00:00  |k Rodrigo Vera 
999 |c 312547  |d 312545 
952 |0 0  |1 0  |4 0  |6 340_540000000000000_PAL_2002  |7 0  |8 DER_ROM  |9 383037  |a BIBDER  |b BIBDER  |d 2019-11-21  |i 4105885  |o 340.54 PAL 2002  |p 4105885  |r 2023-01-25  |w 2019-11-21  |x Ubicación 4to piso  |y BK  |z Este recurso debe solicitarse con anticipación  |k DER